Rodalies de Catalunya - Estadísticas

Estadísticas generales
  • Esta prueba ha sido intentada 815 veces
  • La puntuación promedio es 73 de 199
Estadísticas de respuestas
Lineas Estaciones % Correcto
R1, R2, R2N, R2S, R3, R4, R11, R12, R13, R14, R15, R16, R17, RG1 Barcelona-Sants
89%
R4, R12 Castellbell i el Vilar-Monistrol de Mont
81%
R1, RG1 Cabrera de Mar-Vilassar de Mar
74%
R1, RG1 Sant Pol de Mar
74%
R1, RG1 Vilassar de Mar
74%
R1, RG1 Arenys de Mar
73%
R1, R3, R4, R12, RG1 Barcelona-Plaça de Catalunya
73%
R1, RG1 Premià de Mar
73%
R1, RG1 Canet de Mar
72%
R11, RG1 Girona
71%
R1, RG1 Malgrat de Mar
71%
R1, RG1 Mataró
71%
R4, R7, R12 Montcada i Reixac-Manresa
71%
R1, RG1 Pineda de Mar
71%
R4, R12 Terrassa
70%
R3 Vic
69%
R4, R12 Manresa
68%
R13, R14, R15, R16, R17, RT1, RT2 Tarragona
68%
R2S Platja de Castelldefels
67%
R13, R14 Puigverd de Lleida-Artesa de Lleida
67%
R1, RG1 Badalona
66%
R1, R3, R4, R12, RG1 Barcelona-Arc de Triomf
66%
R2, R2S, R13, R14 Castelldefels
66%
R2S, R13, R14 Sitges
66%
R2, R2N, R2S, R11, R13, R14, R15, R16, R17 Barcelona-Passeig de Gràcia
64%
R1, R3, R4, R12, RG1 L'Hospitalet de Llobregat
64%
R2, R13, R14, R15, R16, R17 Vilanova i la Geltrú
63%
R16 L'Ametlla de Mar
62%
R13 Roda de Mar
61%
R1, R4 Cornellà
60%
R1, RG1 Blanes
59%
R4, R12 Terrassa Est
59%
R2, R2S, R13, R14 Gavà
57%
R4, R12 Sabadell Nord
57%
R2S, R13, R14, R15, R16, R17 Barcelona-Estació de França
56%
R1, R2N, R11, RG1 Maçanet-Massanes
56%
R2, R2N Montcada i Reixac
56%
R2, R2N, R8, R11 Granollers Centre
55%
R4, R12 Sabadell Centre
55%
R11, RG1 Figueres
54%
R14, R15, RT1 Reus
54%
R3 Ripoll
54%
R4, R12 Sabadell Sud
54%
R1, R4 Sant Feliu de Llobregat
54%
R4, R7, R12 Cerdanyola del Vallès
53%
R4 Vilafranca del Penedès
53%
R2, R2N, R2S, R15 El Prat de Llobregat
52%
R4, R8 Martorell
52%
R3 Puigcerdà
52%
R2S, R4, R13, R14, R15, R16, R17, RT2 Sant Vicenç de Calders
52%
R1, R2, R2N, R11, RG1 Barcelona-El Clot-Aragó
51%
R12 Calaf
51%
R1, RG1 El Masnou
50%
R3, R4, R7, R12 Montcada Bifurcació
50%
R11, RG1 Portbou
50%
R2, R2S, R15 Viladecans
50%
R2N, R11 Sant Celoni
49%
R1, RG1 Calella
47%
R1, RG1 Ocata
47%
R2, R13, R14 Segur de Calafell
47%
R2S, R13, R14 Calafell
46%
R2, R13, R14 Cunit
46%
R1, R4 Sant Joan Despí
46%
R2S Garraf
45%
R2, R2N, R8 Montmelò
45%
R1, RG1 Sant Adrià de Besòs
45%
R3, R4, R7, R12 Barcelona-Torre del Baró
44%
R16, R17, RT2 Salou - Port Aventura
44%
R3, R4, R7, R12 Barcelona-Sant Andreu Arenal
43%
R4, R8 Castellbisbal
43%
R4, R12 Barberà del Vallès
42%
R15 Les Borges del Camp
42%
R1, RG1 Montgat Nord
42%
R3 Parets del Vallès
42%
R2, R2N, R2S, R15 Bellvitge
41%
R7, R8 Cerdanyola-Universitat
41%
R4, RT2 El Vendrell
41%
R14 La Selva del Camp
41%
R8 Rubí
41%
R1, RG1 Santa Susanna
41%
R16 Tortosa
41%
R1, RG1 Tordera
40%
R2, R13, R14 Cubelles
39%
R3 Granollers-Canovelles
39%
R3 Manlleu
39%
R3, R4, R12 Barcelona- La Sagrera-Meridiana
38%
R3, R4, R12 Barcelona-La Sagrera-Meridiana
38%
R3 La Garriga
38%
R3 Montcada Ripollet
38%
R2N Cardedeu
37%
R3 Centelles
37%
R12 Cervera
37%
R3 Sant Martí de Centelles
37%
R13, R14, R15, R16, R17, RT2 Torredembarra
37%
R4, R7, R12 Montcada i Reixac-Santa Maria
36%
R8 Sant Cugat del Vallès
36%
R13 Valls
36%
R2, R2N La Llagosta
35%
R3 Ribes de Freser
35%
R2, R2N, R11 Barcelona-Sant Andreu Comtal
34%
R2N Les Franqueses-Granollers Nord
34%
R3 Torelló
34%
R16 Cambrils
33%
R3 La Molina
33%
R3 Mollet-Santa Rosa
33%
R2, R2N, R8 Mollet-Sant Fost
33%
R4 Gelida
32%
R2N, R11 Hostalric
32%
R16 L'Aldea-Amposta
32%
R4, RT2 L'Arboç
32%
R3 Les Franqueses del Vallès
32%
R2N Llinars del Vallès
32%
R1, R4 Molins de Rei
32%
R4, R12 Sant Miquel de Gonteres-Viladecavalls
32%
R4 Sant Sadurní d'Anoia
32%
R4, R12 Viladecavalls
32%
R11, RG1 Caldes de Malavella
31%
R4 El Papiol
31%
R3 Urtx-Alp
31%
R14, R15, RT1 Vila-seca
31%
R13, R14 Montblanc
30%
R11, RG1 Sils
30%
R4, R12 Vacarisses
30%
R11, RG1 Llançà
29%
R11, RG1 Fornells de la Selva
28%
R3 Santa Perpètua de Mogoda
28%
R12 Tàrrega
28%
R3 Campdevànol
27%
R4 Els Monjos
27%
R12 Mollerussa
27%
R1, RG1 Sant Andreu de Llavaneres
27%
R4, R12 Sant Vicenç de Castellet
27%
R3 Balenyà-Tona-Seva
26%
R3 Figaró
26%
R15 Flix
26%
R13, R14 La Riba
26%
R13, R14 Les Borges Blanques
26%
R3 Balenyà-Els Hostalets
25%
R4 La Granada
25%
R1, RG1 Mongat
24%
R2N Palautordera
24%
R13, R14, R15, R16, R17, RT2 Altafulla-Tamarit
23%
R11 Cerbère
23%
R11, RG1 Colera
23%
R15 Móra la Nova
23%
R3 Planoles
23%
R3 Toses
23%
R2N, R11 Gualba
22%
R12, R13, R14 Lleida-Pirineus
22%
R2N, R11 Riells i Viabrea-Breda
22%
R3 Sant Quirze de Besora
22%
R4 Lavern-Subirats
21%
R15 Marçà-Falset
21%
R15 Ascó
20%
R11, RG1 Celrà
20%
R13, R14 La Plana-Picamoixons
20%
R16 L'Hospitalet de l'Infant
19%
R11, RG1 Riudellots
19%
R4, R12 Vacarisses-Torreblanca
19%
R15 Riba-roja d'Ebre
18%
R13 Roda de Barà
18%
R3 La Farga de Bebié
17%
R11, RG1 Vilajuïga
17%
R3 Borgonyà
16%
R13, R14 L'Espluga de Francolí
16%
R14 Alcover
15%
R11, RG1 Vilamalla
15%
R12 Bellpuig
14%
R11, RG1 Bordils-Juià
14%
R16 Camarles-Deltebre
14%
R16 L'Ampolla-Perelló-Deltebre
14%
R13, R14 Juneda
13%
R13 Salomó
13%
R11, RG1 Sant Jordi Desvalls
13%
R11, RG1 Sant Miquel de Fluvià
13%
R13, R14 Vilaverd
13%
R13, R14 Vimbodí
13%
R11, RG1 Camallera
12%
R3 La Tor de Querol-Enveig
12%
R13, R14 Vinaixa
12%
R15 Els Guiamets
11%
R13 Nulles-Bràfim
11%
R12 Sant Guim de Freixenet
11%
R12 Bell-lloc d'Urgell
10%
R15 Capçanes
10%
R12 Golmés
10%
R13 Vilabella
10%
R12 Aguilar de Segarra
9%
R12 Anglesola
9%
R13, R14 La Floresta
9%
R12 Rajadell
9%
R15 Riudecanyes-Botarell
9%
R12 Castellnou de Seana
8%
R15 Duesaigües-L'Argentera
8%
R15 Pradell
8%
R16 Camp-redó
7%
R12 Seguers-Sant Pere Sallavinera
7%
R16 Ulldecona-Alcanar-La Sénia
7%
R12 Sant Martí Sesgueioles
6%
No se encontraron pruebas coincidentes
Distribución de puntuación
Porcentaje de gente con cada puntuación
Porcentaje por número respondido
Historial de tus puntuaciones
No has intentado esta prueba.